Statistiques concernant Pays d'Europe par ordre alphabétique

Cliquez ici pour prendre le quiz!

Statistiques générales

  • Ce quiz a été pris 102 fois
  • Le résultat moyen est 13 sur 46

Réponses sur la Carte

Les réponses sont colorées sur une échelle allant du rouge au vert en fonction du pourcentage des utilisateurs qui les ont devinées à leur premier essai. Vous pouvez retrouver ces pourcentages ci-dessous.
 

Statistiques - réponses

Réponse% Correct
Albanie
87%
Andorre
85%
Allemagne
82%
Autriche
80%
Belgique
67%
Bosnie-Herzégovine
64%
Biélorussie
61%
Croatie
51%
Danemark
51%
Chypre
48%
Bulgarie
44%
Estonie
44%
Espagne
43%
France
41%
Finlande
39%
Grèce
36%
Hongrie
31%
Irlande
26%
Islande
26%
Kosovo
26%
Italie
25%
Lettonie
23%
Liechtenstein
21%
Lituanie
18%
Luxembourg
16%
Malte
15%
Monaco
15%
Macédoine du nord
10%
Moldavie
10%
Monténégro
8%
Norvège
8%
Pologne
5%
Portugal
5%
Royaume-uni
5%
Russie
5%
Serbie
5%
Suède
5%
Pays-bas
3%
Roumanie
3%
Saint-marin
3%
Slovaquie
3%
Slovénie
3%
Suisse
3%
Ukraine
3%
Vatican
3%
République tchèque
2%

Distribution des résultats

Percentile par nombre de réponses

% des personnes avec chaque résultat

Votre développement - résultats

Vous n’avez pas pris ce quiz